000 00575nam a2200229Ia 4500
003 OSt
005 20220924150450.0
006 a|||||r|||| 00| 0
007 ta
008 220923b |||||||| |||| 00| 0 tel d
024 _a333244
037 _cTextual
040 _aARTS
_cARTS
_btel
041 _2tel
_atel
082 _aO35,1N14,1, J8.1-.2
100 _aSastri Papayya
_9222193
245 0 _aUdaya sri
260 _c1958
650 _aTELUGU POETRY
942 _hO35,1N14,1, J8.1-.2
_cTEXL
_2CC
999 _c463442
_d463442